000 00447nam a22001817a 4500
003 CEME
005 20210628202841.0
008 210118b xxu||||| |||| 00| 0 eng d
020 _a81-7319-746-6
040 _c.
082 _a511.322 FUZ
100 _aNanda , S
_98837
245 _aFuzzy logic and optimization
260 _aNEW DELHI
_bNAROSA
_c2006
300 _aVII,180 P
650 _aFUZZY LOGIC.OPTIMIZATION
_961960
942 _cBK
_2ddc
999 _c571227
_d571227